| 000 | 00401cam a2200145ua 4500 | ||
|---|---|---|---|
| 041 |
_aeng _h |
||
| 082 |
_a821 _bCOU/OX |
||
| 100 | _aCouch, Arthur Quiller . | ||
| 245 |
_aOxford book of English verse (1250-1918) / _cArthur Quiller Couch. _hTextual Documents |
||
| 260 |
_aLondon : _bOxford at the Clarendon Press , _c1961. |
||
| 300 | _a1166 ; . | ||
| 504 | _a | ||
| 942 | _cBK | ||
| 999 |
_c4461 _d4461 |
||